Kırmızı beyaz (Record no. 688)

MARC details
000 -BAŞLIK
Sabit Uzunlukta Kontrol Alanı 00683na a2200229 4500
001 - KONTROL NUMARASI
Denetim Alanı 14045
003 - KONTROL NUMARASI IDENTIFIER
Denetim Alanı MIRAKIL
005 - SON İŞLEM TARİHİ VE ZAMANI
Denetim Alanı 20181213154757.0
008 - SABİT-BOY VERİ ELEMANLARI - GENEL BİLGİLER
Sabit Uzunlukta Kontrol Alanı 160823b tu 000 0
035 ## - SİSTEM KONTROL NUMARASI
Sistem Kontrol Numarası 14045
040 ## - KATALOGLAMA KAYNAK
Orijinal Kataloglama Ajansı Milas
Kataloglama Dili tur
Metne Dönüştürmek Ajansı TR-AnCHP
082 ## - DEWEY ONLU SINIFLANDIRMA NUMARASI
Sınıflandırma Numarası ATA 327
Ürün Numarası A42k 2009
090 ## - SINIFLAMA NUMARASI
Sınıflama Numarası ATA 327 A42k 2009
100 ## - ANA GİRİŞ - KİŞİSEL İSİM
Kişisel Ad Akalın, Hakkı
245 ## - BAŞLIK TABLOSU
Başlık Kırmızı beyaz
Başlığın Kalan düşünceler
Sorumluluk Tablosu, Vb Hakkı Akalın
246 ## - UNVAN FORM VARYING
Başlık Doğru / Kısa Başlığı düşünceler
260 ## - YAYIN, DAĞITIM, VB
Yayın, Dağıtım, Vb Yeri Ankara
Yayıncı, Dağıtıcı, Vs Adı Gazeteciler Cemiyeti Yayınları
Yayın, Dağıtım, Vb Tarihi 2009
300 ## - FİZİKSEL TANIM
Kapsam 167 s.
Boyutlar 21 sm.
600 ## - KONU KATMA GİRİŞ - KURUMSAL ADI
Kişisel Ad Atatürk, Mustafa Kemal
Bir Adıyla İlişkilendirilen Tarihler 1881-1938
Genel Alt Bölümü Atatürk devrimleri
600 ## - KONU KATMA GİRİŞ - KURUMSAL ADI
Kişisel Ad Atatürk, Mustafa Kemal
Bir Adıyla İlişkilendirilen Tarihler 1881-1938
Genel Alt Bölümü Dış politika
942 ## - EKLENDİ GİRİŞ ELEMANLARI (KOHA)
Sınıflandırma Veya Raf Düzeni Kaynak Dewey Decimal Classification
Koha Öğesi Türü Books
999 ## - SİSTEM KONTROL NUMARALARI (KOHA)
Koha Biblionumber 688
Koha Biblioitemnumber 688
Holdings
Kalıcı Konum Mevcut Konum Edinme Tarihi Edinim Kaynak Toplam Check-Out'Lar Tam Çağrı Numarası Barkod Tarih Son Görülme İtibaren Geçerli Fiyatlar Koha Öğesi Türü Kopya Sayısı
CHP Kütüphanesi CHP Kütüphanesi 08/23/2016 Bağış   ATA 327 A42k 2009 001791 08/23/2016 08/23/2016 Books  
CHP Kütüphanesi CHP Kütüphanesi 10/08/2016 Bağış   ATA 327 A42k 2009 005260 10/08/2016 10/08/2016 Books k.2